000 00941nam a2200253Ia 4500
003 OSt
005 20220923220841.0
006 a|||||r|||| 00| 0
007 ta
008 220922b |||||||| |||| 00| 0 hin d
024 _a191,314
037 _cTextual
040 _aARTS
_cARTS
_bhin
041 _2hin
_ahin
082 _aV1:7.B, 152M8
100 _aथपल्याल, किरण कुमार; शुक्ल, संकट प्रसाद
_9164679
245 0 _aपुरातत्व के रोचक प्रसंग
246 _aPurātatva ke rochak prasanga
260 _aदिल्ली
_b स्वाति पब्लि0
_c1988
300 _a180पृ.
_ccm.
650 _aविश्व-इतिहास
942 _hV1:7.B, 152M8
_cTEXL
_2CC
999 _c344021
_d344021